Sledovanie efektorových metabolitov adaptačnej odpovede Aspergillus fumigatus na prítomnosť antifungálnych zlúčenín

Salvato in:
Dettagli Bibliografici
Autore principale: Jakubová, Katarína (Autore)
Altri autori: Olejníková, Petra (Relatore della tesi)
Natura: Manoscritto Libro
Lingua:slovacco
Pubblicazione: 2025
Soggetti:
Accesso online:http://is.stuba.sk/zp/portal_zp.pl?podrobnosti=183539
Tags: Aggiungi Tag
Nessun Tag, puoi essere il primo ad aggiungerne!!

MARC

LEADER 00000ntm a22000003a 4500
001 stuzp105131
003 SK-STU
005 20250607211200.4
007 ta
008 150427s2015----xo-----f-mn---000-0-slo-d
040 |a STU  |b slo 
041 0 |a slo 
100 1 |a Jakubová, Katarína  |u 043000  |4 aut  |U FCHPT Fakulta chemickej a potravinárskej technológie  |T FCHPT Ústav biochémie a mikrobiológie  |X 110622  |U C3000  |Y 101  |7 110622 
242 0 1 |a Monitoring of effector metabolites of adaptive response of Aspergillus fumigatus on the presence of antifungal compounds  |y eng 
245 1 0 |a Sledovanie efektorových metabolitov adaptačnej odpovede Aspergillus fumigatus na prítomnosť antifungálnych zlúčenín 
260 |c 2025 
650 4 |a chitin  |2 eng 
650 4 |a glycerol  |2 eng 
650 4 |a reactive oxygen species  |2 eng 
650 4 |a Aspergillus fumigatus  |2 eng 
650 4 |a azoles  |2 eng 
650 4 |a reaktívne formy kyslíka  |2 slo 
650 4 |a chitín  |2 slo 
650 4 |a Aspergillus fumigatus  |2 slo 
650 4 |a azoly  |2 slo 
650 4 |a glycerol  |2 slo 
700 1 |a Olejníková, Petra  |u 043000  |k Z1  |4 ths  |U FCHPT Fakulta chemickej a potravinárskej technológie  |T FCHPT Ústav biochémie a mikrobiológie  |X 3976  |U C3000  |Y 101  |7 A000003976 
856 4 |u http://is.stuba.sk/zp/portal_zp.pl?podrobnosti=183539